000 00931cam a22002771 4500
001 7858011
003 ARRUPE
005 20131220132843.0
008 750408s1941 xx 000 0 eng
010 _a 42051091
035 _a(OCoLC)1260506
040 _aDLC
_cOCU
_dDLC
050 0 0 _aD756.5.C2
_bL5 1941
082 _a940.542
100 1 _aLinklater, Eric,
_d1899-1974.
_96238
245 1 4 _aThe defence of Calais,
_cby Eric Linklater.
260 _aLondon,
_bH. M. Stationery off.,
_c1941.
300 _a36 p.
_billus., map.
_c18 cm.
440 4 _aThe Army at war
_96239
500 _a"Issued for the War office by the Ministry of information."-p. [2] of cover.
650 0 _aCalais, Battle of, Calais, France, 1940.
_96240
710 1 _aGreat Britain.
_bWar Office.
_96241
710 1 _aGreat Britain.
_bMinistry of Information.
_96242
906 _a7
_bcbc
_coclcrpl
_du
_encip
_f19
_gy-gencatlg
942 _2lcc
_cMONOGRAPH
999 _c119431
_d119431